|
|
|
|
| LEADER |
00000nab a2200000 a 4500 |
| 001 |
vtls000779052 |
| 003 |
SK-MaSNL |
| 005 |
20260304111238.0 |
| 008 |
250429c2001 xo 0 slo |
| 015 |
|
|
|a SNBRB2002/01-01399
|
| 035 |
|
|
|a CLN000130822
|
| 035 |
|
|
|a urn:nbn:sk:snk-ab6nyx
|
| 035 |
|
|
|a (uuid)bfa405fb-3b4c-4907-a6f9-5f849746c655
|
| 035 |
|
|
|a (urnnbn)urn:nbn:sk:snk:ar-005o0e
|
| 035 |
|
|
|a (sysno)vtls000779052
|
| 040 |
|
|
|a SNKBUCL
|b slo
|c SNKBUCL
|e AACR2
|
| 041 |
0 |
|
|a cze
|
| 044 |
|
|
|a xo
|c SK
|
| 080 |
|
|
|a 621.793.7.044
|2 1997
|
| 100 |
1 |
|
|a Wilden, J.
|4 aut
|9 1411152
|
| 245 |
1 |
0 |
|a Dráty pro nástřik elektrickým obloukem a vysokorychlostním plamenem - návrh drátů, materiály a vlastnosti povlaků
|c J. Wilden, A. Wanka, F. Schreiber
|
| 300 |
|
|
|b Fotogr., grafy, tab.
|
| 504 |
|
|
|a Res. angl., čes.
|
| 504 |
|
|
|a Bibliogr. odkazy
|
| 650 |
0 |
7 |
|a nástrek žiarový plameňom vysokorýchlostný
|x drôty rúrkové
|2 snkbucl
|9 1411153
|
| 650 |
0 |
7 |
|a nástrek žiarový elektrickým oblúkom
|x drôty rúrkové
|2 snkbucl
|9 1411154
|
| 655 |
|
7 |
|a články z novín a časopisov
|2 snkbucl
|9 267496
|
| 700 |
1 |
|
|a Wanka, A.
|4 aut
|9 1411155
|
| 700 |
1 |
|
|a Schreiber, F.
|4 aut
|9 818428
|
| 773 |
0 |
|
|t Zváranie
|g Roč. 50, č. 9-10 (2001), s. 194-203
|x 0044-5525
|
| 850 |
|
|
|a Slovenská národná knižnica
|
| 852 |
|
|
|a Slovenská národná knižnica
|
| 954 |
|
|
|a odborná, vedecká literatúra pôvodná (slovenská)
|2 lita
|
| 954 |
|
|
|a odborná, vedecká literatúra cudzojazyčná (svetová)
|2 lita
|
| 958 |
|
|
|a article
|
| 958 |
|
|
|a OND
|
| 958 |
|
|
|a NB
|
| 958 |
|
|
|a EUIPO
|
| 992 |
|
|
|a RBX
|
| 999 |
|
|
|c 2862017
|d 2863947
|